000 01259cam a22002891i 4500
003 SA-RiAUC
005 20241021075945.0
008 241020s1984 le g 00000cara c
040 _aSA-RiAUC
_bara
_cSA-RiAUC
_erda
050 4 _b.S53 1984
082 0 4 _a239.9
_qSA-RiAUC
090 _a239.9
_bش و ك
100 1 _aالشوكاني، محمد بن علي بن محمد،
_d1173-1250 هجري
_eمؤلف.
245 1 0 _aدر السحابة في مناقب القرابة والصحابة /
_cمحمد بن علي الشوكاني ؛ تحقيق حسين بن عبد الله العمري.
250 _aالطبعة الأولى.
264 1 _aبيروت ؛
_aدمشق :
_bدار الفكر المعاصر للطباعة والتوزيع والنشر،
_c1984
300 _a839 صفحة ؛
_c24 سم
336 _aنص
_btxt
_2rdacontent
_3كتاب
337 _aبدون وسيط
_bn
_2rdamedia
338 _aمجلد
_bnc
_2rdacarrier
650 7 _aالصحابة والتابعون
_vتراجم
_2aucsh
650 7 _aأهل بيت الرسول
_2aucsh
650 7 _aالسيرة النبوية
_2aucsh
700 1 _aالعمري، حسين بن عبد الله
_eمحقق.
942 _2ddc
_cBOOK
_n0
949 _aSA-JeALM
_d241020
_umohamedma123
_n1
999 _c1542
_d1542